|
000
|
009680am2 2200265 45
|
|
001
|
0029201598
|
|
005
|
20260402151225.59
|
|
010
|
|
@dCNY0.83
|
|
091
|
|
@aCN16144.2021
|
|
100
|
|
@a19920701d1980 efmy0chiy0120 ea
|
|
101
|
0
|
@achi
|
|
102
|
|
@aCN@b110000
|
|
105
|
|
@aak z 000yy
|
|
200
|
1
|
@a处处放光芒@AChu Chu Fang Guang Mang@f中国农业科学院烟草研究所编@FZhong Guo Nong Ye Ke Xue Yuan Yan Cao Yan Jiu Suo Bian
|
|
210
|
|
@a北京@c农业出版社@d1980.04
|
|
215
|
|
@a325页@c图@d19cm
|
|
225
|
2
|
@a作物栽培技术丛书@AZuo Wu Zai Pei Ji Shu Cong Shu@f农业出版社编辑部@FNong Ye Chu Ban She Bian Ji Bu
|
|
330
|
|
@a本书概述了烟草的生物学等一般知识,并详尽介绍了烟草栽培管理、采收烘烤、晒晾等技术措施。
|
|
410
|
0
|
@12001 @a作物栽培技术丛书
|
|
606
|
|
@a烟草--栽培
|
|
606
|
0
|
@a经济作物
|
|
690
|
|
@aS56@v3
|
|
701
|
02
|
@a中国农业科学院,@b烟草研究所@AZhong Guo Nong Ye Ke Xue Yuan Yan Cao Yan Jiu Suo@4编
|
|
801
|
0
|
@aCN@bBAU@c20060220
|
|
905
|
|
@a10447@dS56@e9
|
|
|
|
|
| |
| 处处放光芒/中国农业科学院烟草研究所编.-北京:农业出版社,1980.04 |
| 325页:图;19cm.-(作物栽培技术丛书/农业出版社编辑部) |
| |
| |
| ISBN :CNY0.83 |
| 本书概述了烟草的生物学等一般知识,并详尽介绍了烟草栽培管理、采收烘烤、晒晾等技术措施。 |
| ● |
正题名:处处放光芒
索取号:S56/9
 
预约/预借
| 序号
|
登录号
|
条形码
|
馆藏地/架位号
|
状态
|
备注
|
|
1
|
15210
|
200152100
|
海科密-1楼/60架6列7层/
[索取号:S56/9]
|
在馆
|
|
|
2
|
15211
|
200152119
|
柳城密-1楼/2架12列5层/
[索取号:S56/9]
|
在馆
|
|
|
3
|
15212
|
200152128
|
海科密-1楼/60架6列7层/
[索取号:S56/9]
|
在馆
|
|
|
4
|
15213
|
200152137
|
海科密-1楼/60架6列7层/
[索取号:S56/9]
|
在馆
|
|